[Event "Oberliga Nord W 2324"]
[Site "Germany"]
[Date "2024.02.04"]
[Round "5.7"]
[White "Ploog, Martin"]
[Black "Stotyn, Fabian"]
[Result "1-0"]
[WhiteElo "2002"]
[BlackElo "2127"]
[PlyCount "107"]
[EventDate "2023.10.22"]
[EventType "team-tourn"]
[EventRounds "9"]
[EventCountry "GER"]
[SourceTitle "EXT 2025"]
[Source "ChessBase"]
[SourceDate "2024.10.14"]
[SourceVersion "1"]
[SourceVersionDate "2024.10.14"]
[SourceQuality "1"]
[WhiteTeam "Ricklingen"]
[BlackTeam "Nordhorn Blanke"]
[WhiteTeamCountry "GER"]
[BlackTeamCountry "GER"]

1. c4 Nf6 2. g3 e6 3. Bg2 d5 4. Nf3 d4 5. 0-0 Nc6 6. e3 e5 7. exd4 exd4 8. d3 Be7 9. b3 0-0 10. Na3 Bc5 11. Nc2 a5 12. a3 Bf5 13. Rb1 Be7 14. b4 axb4 15. axb4 Ra2 16. b5 Na5 17. Rb2 Rxb2 18. Bxb2 Bg6 19. Ncxd4 Bc5 20. Qa1 b6 21. Rd1 Qd6 22. Bc3 Rd8 23. Bxa5 Bxd4 24. Nxd4 Qxd4 25. Bc3 Qc5 26. Bxf6 gxf6 27. Qxf6 Rd6 28. Qc3 Rd4 29. Ra1 f6 30. Ra7 Rxd3 31. Qxf6 Rd1+ 32. Bf1 Re1 33. Ra8+ Be8 34. Kg2 Qh5 35. Bd3 Rd1 36. Qe6+ Kf8 37. Bxh7 Rd6 38. Qg8+ Ke7 39. Qg7+ Bf7 40. Be4 Qc5 41. Qf8+ Ke6 42. Bd5+ Rxd5 43. cxd5+ Qxd5+ 44. f3 Qxb5 45. Qh6+ Kd7 46. Qd2+ Kc6 47. Rd8 Kb7 48. h4 Bc4 49. g4 Qe5 50. h5 Qf6 51. Qd4 Qf7 52. Rd7 Qg8 53. h6 Qe6 54. Qe4+ 1-0

[Event "Oberliga Nord W 2324"]
[Site "Germany"]
[Date "2024.01.14"]
[Round "4.6"]
[White "Steffens, Olaf"]
[Black "Stotyn, Fabian"]
[Result "1-0"]
[WhiteElo "2175"]
[BlackElo "2127"]
[PlyCount "81"]
[EventDate "2023.10.22"]
[EventType "team-tourn"]
[EventRounds "9"]
[EventCountry "GER"]
[SourceTitle "EXT 2025"]
[Source "ChessBase"]
[SourceDate "2024.10.14"]
[SourceVersion "1"]
[SourceVersionDate "2024.10.14"]
[SourceQuality "1"]
[WhiteTeam "Werder Bremen III"]
[BlackTeam "Nordhorn Blanke"]
[WhiteTeamCountry "GER"]
[BlackTeamCountry "GER"]

1. Nc3 e6 2. g3 d5 3. Bg2 d4 4. Nb1 Nf6 5. d3 Nc6 6. Nf3 Bc5 7. c3 e5 8. 0-0 0-0 9. b4 Bb6 10. b5 Ne7 11. Bb2 dxc3 12. Nxc3 Ng6 13. Na4 Re8 14. Nxb6 axb6 15. Qc2 Bd7 16. a4 c6 17. d4 e4 18. Ne5 cxb5 19. axb5 Ra5 20. Rab1 Rxb5 21. Qc4 Rd5 22. Bxe4 Bb5 23. Bxd5 Bxc4 24. Bxc4 Nxe5 25. dxe5 Ng4 26. Bb5 h5 27. Rfd1 Qe7 28. Rd7 Qb4 29. e6 Nh6 30. exf7+ Nxf7 31. Bd3 Re7 32. Rd5 Qg4 33. Ra1 Re8 34. Ra7 Ng5 35. Rxb7 Ne6 36. Rdd7 Qb4 37. Be5 Qa5 38. Bxg7 h4 39. Bh7+ Kxh7 40. Bc3+ Kg6 41. Bxa5 1-0

[Event "Oberliga Nord W 2223"]
[Site "Germany"]
[Date "2023.02.26"]
[Round "6.6"]
[White "Hoerstmann, Martin"]
[Black "Stotyn, Fabian"]
[Result "1/2-1/2"]
[WhiteElo "2214"]
[BlackElo "2145"]
[PlyCount "29"]
[EventDate "2022.10.23"]
[EventType "team-tourn"]
[EventRounds "9"]
[EventCountry "GER"]
[SourceTitle "EXT 2025"]
[Source "ChessBase"]
[SourceDate "2024.10.14"]
[SourceVersion "1"]
[SourceVersionDate "2024.10.14"]
[SourceQuality "1"]
[WhiteTeam "Lister Turm II"]
[BlackTeam "Nordhorn Blanke"]
[WhiteTeamCountry "GER"]
[BlackTeamCountry "GER"]

1. Nf3 c5 2. c4 Nf6 3. g3 d5 4. Bg2 Nc6 5. cxd5 Nxd5 6. Nc3 Nc7 7. d3 e5 8. Nd2 Bd7 9. 0-0 Be7 10. Nc4 f6 11. f4 exf4 12. Bxf4 0-0 13. Bxc6 Bxc6 14. Na5 Qd7 15. Nxc6 1/2-1/2

[Event "GER CupT"]
[Site "Germany"]
[Date "2023.01.28"]
[Round "1.2"]
[White "Stotyn, Fabian"]
[Black "Simukov, Erik"]
[Result "0-1"]
[WhiteElo "2154"]
[BlackElo "2024"]
[PlyCount "78"]
[EventDate "2023.01.28"]
[EventType "team-k.o."]
[EventRounds "4"]
[EventCountry "GER"]
[SourceTitle "EXT 2024"]
[Source "ChessBase"]
[SourceDate "2023.10.10"]
[SourceVersion "1"]
[SourceVersionDate "2023.10.10"]
[SourceQuality "1"]
[WhiteTeam "Nordhorn Blanke"]
[BlackTeam "Kassel Caissa"]
[WhiteTeamCountry "GER"]
[BlackTeamCountry "GER"]

1. e4 e5 2. Nf3 Nc6 3. d4 exd4 4. Nxd4 Bc5 5. Nf5 g6 6. Ne3 Nf6 7. Nc3 0-0 8. Bd3 Ne5 9. 0-0 c6 10. Be2 d6 11. h3 Bb4 12. f4 Ned7 13. Bf3 Nc5 14. Ne2 Ba5 15. b4 Bxb4 16. Qd4 Ba5 17. Bb2 Ncd7 18. Qxd6 Bb6 19. Qd3 Nc5 20. Qxd8 Bxd8 21. Ng3 Na4 22. Ba3 Bb6 23. Rfe1 Re8 24. Kf1 Bxe3 25. Rxe3 Nd5 26. Rb3 Nxf4 27. Rd1 Ne6 28. Rb4 Nac5 29. Rc4 b6 30. Kf2 Ba6 31. Rc3 Rad8 32. Rxd8 Rxd8 33. Ke3 Bb5 34. e5 Na4 35. Rxc6 Bxc6 36. Bxc6 Rc8 37. Bxa4 Rc3+ 38. Kf2 Rxa3 39. Bb3 Ra5 0-1

[Event "Niedersachsen-ch"]
[Site "Verden"]
[Date "2023.01.08"]
[Round "7"]
[White "Knuedel, Torben"]
[Black "Stotyn, Fabian"]
[Result "1-0"]
[WhiteElo "2268"]
[BlackElo "2154"]
[PlyCount "77"]
[EventDate "2023.01.05"]
[EventType "swiss"]
[EventRounds "7"]
[EventCountry "GER"]
[SourceTitle "CBM 212 Extra"]
[Source "ChessBase"]
[SourceDate "2023.03.31"]
[SourceVersion "1"]
[SourceVersionDate "2023.03.31"]
[SourceQuality "1"]

1. e4 c6 2. d4 d5 3. f3 Qb6 4. Nc3 dxe4 5. fxe4 e5 6. Nf3 exd4 7. Nxd4 Bc5 8. Na4 Qa5+ 9. c3 Bd6 10. Bc4 Nf6 11. 0-0 Qc7 12. Bg5 Bxh2+ 13. Kh1 Be5 14. Bxf6 gxf6 15. Nc5 h5 16. Nf5 Bxf5 17. Rxf5 b6 18. Nd3 Nd7 19. b4 0-0-0 20. Qe2 Rdg8 21. b5 Rg4 22. bxc6 Qxc6 23. Bd5 Qc7 24. Rd1 Rh4+ 25. Kg1 Bh2+ 26. Kf2 Bg3+ 27. Ke3 Rg4 28. Kd2 Rhg8 29. Bxf7 R8g7 30. Be6 Bd6 31. Rxh5 Rxg2 32. Rh8+ Kb7 33. Bd5+ Ka6 34. Nf2+ b5 35. Rb1 Rxf2 36. Qxf2 b4 37. cxb4 Bf4+ 38. Kd1 Qc3 39. b5+ 1-0

[Event "Niedersachsen-ch"]
[Site "Verden"]
[Date "2023.01.05"]
[Round "1"]
[White "Stotyn, Fabian"]
[Black "Stelmaszyk, Nico"]
[Result "0-1"]
[WhiteElo "2154"]
[BlackElo "2368"]
[PlyCount "112"]
[EventDate "2023.01.05"]
[EventType "swiss"]
[EventRounds "7"]
[EventCountry "GER"]
[SourceTitle "CBM 212 Extra"]
[Source "ChessBase"]
[SourceDate "2023.03.31"]
[SourceVersion "1"]
[SourceVersionDate "2023.03.31"]
[SourceQuality "1"]

1. e4 c5 2. Be2 e5 3. Bc4 d6 4. Nc3 Nf6 5. d3 Be7 6. f4 Nc6 7. Nf3 exf4 8. Bxf4 Bg4 9. h3 Nh5 10. hxg4 Nxf4 11. Nd5 Nxd5 12. Bxd5 0-0 13. Qd2 h6 14. 0-0-0 Ne5 15. g5 Bxg5 16. Nxg5 Qxg5 17. Qxg5 hxg5 18. Rh5 g4 19. Bxb7 g6 20. Rh4 Rab8 21. Bd5 Kg7 22. Rdh1 Kf6 23. b3 Kg5 24. g3 a5 25. Rh7 Rbd8 26. Kd2 f5 27. exf5 Rxf5 28. Kc3 Nxd3 29. cxd3 Rxd5 30. Re1 Rf8 31. Re6 Rf6 32. Rxf6 Kxf6 33. Rh1 Rf5 34. Rh2 Rf3 35. Rg2 d5 36. Kd2 Ke5 37. Kc3 a4 38. Rg1 Re3 39. Rg2 a3 40. Rg1 Re2 41. d4+ cxd4+ 42. Kd3 Re3+ 43. Kd2 Ke4 44. b4 d3 45. Re1 Rxe1 46. Kxe1 Kd4 47. Kd2 Kc4 48. b5 Kxb5 49. Kxd3 Kc5 50. Kc3 g5 51. Kd3 d4 52. Kd2 Kc4 53. Kc2 d3+ 54. Kd2 Kd4 55. Kd1 Ke3 56. Ke1 Kf3 0-1

[Event "Reinstorf op"]
[Site "Reinstorf"]
[Date "2022.02.06"]
[Round "9"]
[White "Muedder, Rafael"]
[Black "Stotyn, Fabian"]
[Result "0-1"]
[WhiteElo "2035"]
[BlackElo "2184"]
[PlyCount "72"]
[EventDate "2022.01.29"]
[EventType "swiss"]
[EventRounds "9"]
[EventCountry "GER"]
[SourceTitle "CBM 206 Extra"]
[Source "ChessBase"]
[SourceDate "2022.03.31"]
[SourceVersion "1"]
[SourceVersionDate "2022.03.31"]
[SourceQuality "1"]

1. e4 c6 2. Nf3 d5 3. exd5 cxd5 4. d4 Nc6 5. c4 Nf6 6. Nc3 Bg4 7. cxd5 Nxd5 8. Bc4 e6 9. Nxd5 exd5 10. Be2 Bb4+ 11. Bd2 Bxf3 12. Bxf3 Qe7+ 13. Kf1 0-0 14. Be3 Rad8 15. g3 Ba5 16. Kg2 Qb4 17. b3 Bb6 18. a3 Qd6 19. Qd3 Rfe8 20. h4 a6 21. b4 Qd7 22. Bd1 Re4 23. Bf3 Ree8 24. Rad1 Ne7 25. Bg5 f6 26. Bc1 Rc8 27. Bb2 Ng6 28. h5 Nf8 29. Rhe1 Rxe1 30. Rxe1 Rc4 31. Re7 Qxe7 32. Bxd5+ Kh8 33. Qxc4 Qd7 34. Bf3 Ne6 35. d5 Ng5 36. h6 Qh3+ 0-1

[Event "Reinstorf Blitz op"]
[Site "Reinstorf"]
[Date "2022.02.04"]
[Round "5"]
[White "Stotyn, Fabian"]
[Black "Labruyere, Roger"]
[Result "1-0"]
[WhiteElo "2184"]
[BlackElo "2114"]
[PlyCount "125"]
[EventDate "2022.01.29"]
[EventType "swiss (blitz)"]
[EventRounds "9"]
[EventCountry "GER"]
[SourceTitle "CBM 206 Extra"]
[Source "ChessBase"]
[SourceDate "2022.03.31"]
[SourceVersion "1"]
[SourceVersionDate "2022.03.31"]
[SourceQuality "1"]

1. e4 c5 2. Nc3 Nc6 3. f4 g6 4. Bc4 Bg7 5. Nf3 e6 6. d3 Nge7 7. 0-0 0-0 8. Qe1 Nd4 9. Nxd4 cxd4 10. Ne2 d5 11. Bb3 dxe4 12. dxe4 Bd7 13. Qh4 Bb5 14. Re1 Nc6 15. Qxd8 Rfxd8 16. e5 Bf8 17. Ng3 Bb4 18. Rd1 h5 19. Bd2 h4 20. Bxb4 hxg3 21. Bd6 gxh2+ 22. Kxh2 Kg7 23. Kg3 d3 24. cxd3 Nd4 25. Bc4 Nf5+ 26. Kf2 Nxd6 27. exd6 Bc6 28. b4 Rxd6 29. b5 Bd5 30. g3 Rh8 31. Ke3 Rh3 32. Rg1 Rh2 33. a4 Bxc4 34. dxc4 Rhd2 35. Ra3 Rc2 36. Rd3 Rxd3+ 37. Kxd3 Ra2 38. c5 Rxa4 39. c6 bxc6 40. bxc6 Ra3+ 41. Kd4 Ra4+ 42. Kc5 Ra5+ 43. Kb4 Ra2 44. Rc1 Rb2+ 45. Ka5 Rb8 46. Ka6 Kf6 47. Rc5 Ke7 48. Kxa7 Rc8 49. Kb7 Kd8 50. c7+ Kd7 51. Rc2 Rf8 52. Rd2+ Ke7 53. c8Q Rxc8 54. Kxc8 f6 55. Kc7 e5 56. fxe5 fxe5 57. Kc6 Ke6 58. Kc5 Kf5 59. Kd5 g5 60. Re2 Kg4 61. Kxe5 Kxg3 62. Kf5 g4 63. Re4 1-0

[Event "Reinstorf Blitz op"]
[Site "Reinstorf"]
[Date "2022.02.04"]
[Round "7"]
[White "Stotyn, Fabian"]
[Black "Rennkamp, Johannes"]
[Result "1-0"]
[WhiteElo "2184"]
[BlackElo "1591"]
[PlyCount "79"]
[EventDate "2022.01.29"]
[EventType "swiss (blitz)"]
[EventRounds "9"]
[EventCountry "GER"]
[SourceTitle "CBM 206 Extra"]
[Source "ChessBase"]
[SourceDate "2022.03.31"]
[SourceVersion "1"]
[SourceVersionDate "2022.03.31"]
[SourceQuality "1"]

1. e4 e5 2. Nf3 Nc6 3. Bc4 f5 4. d3 Nf6 5. Bg5 Be7 6. Bxf6 Bxf6 7. Nc3 d6 8. h3 fxe4 9. dxe4 Bd7 10. Qd2 Qe7 11. Nd5 Qd8 12. 0-0-0 Ne7 13. Nxf6+ gxf6 14. Qh6 Ng6 15. Bd5 Bc6 16. Bxc6+ bxc6 17. Qg7 Qe7 18. Qxe7+ Kxe7 19. g3 Rab8 20. c3 Rb6 21. Rd2 Rhb8 22. h4 Ke6 23. Rhd1 Ne7 24. c4 Rb4 25. b3 a5 26. Kc2 a4 27. Rd3 axb3+ 28. axb3 R4b6 29. Ra1 R8b7 30. Ra5 c5 31. Ra8 Rb8 32. Rxb8 Rxb8 33. Rd1 Ra8 34. Kb2 Nc6 35. Ne1 Nd4 36. Ng2 Rb8 37. Rd3 Ra8 38. Ne3 h5 39. Nd5 c6 40. Nc7+ 1-0

[Event "Reinstorf Blitz op"]
[Site "Reinstorf"]
[Date "2022.02.04"]
[Round "9"]
[White "Stotyn, Fabian"]
[Black "Schell, Franz Juergen"]
[Result "0-1"]
[WhiteElo "2184"]
[BlackElo "1969"]
[PlyCount "144"]
[EventDate "2022.01.29"]
[EventType "swiss (blitz)"]
[EventRounds "9"]
[EventCountry "GER"]
[SourceTitle "CBM 206 Extra"]
[Source "ChessBase"]
[SourceDate "2022.03.31"]
[SourceVersion "1"]
[SourceVersionDate "2022.03.31"]
[SourceQuality "1"]

1. e4 e6 2. d4 d5 3. Nd2 Nf6 4. e5 Nfd7 5. Bd3 c5 6. c3 Nc6 7. Ne2 cxd4 8. cxd4 Nb6 9. 0-0 Bd7 10. f4 g6 11. Nf3 Rc8 12. Bd2 Nb4 13. Bxb4 Bxb4 14. a3 Be7 15. Qd2 Nc4 16. Bxc4 Rxc4 17. Rfc1 Rxc1+ 18. Rxc1 0-0 19. Rc3 Bb5 20. Ng3 Qd7 21. Kf2 Rc8 22. Ke3 h6 23. Ne1 Rxc3+ 24. Qxc3 Qc6 25. Qxc6 Bxc6 26. Nd3 b6 27. Kd2 Kf8 28. Kc3 Ke8 29. Nb4 Bb5 30. b3 a5 31. Nc2 Kd7 32. b4 Kc6 33. Nh1 Ba4 34. Ne3 axb4+ 35. axb4 Kb5 36. Nf2 Bxb4+ 37. Kd3 Be7 38. Nfg4 h5 39. Nh6 Kb4 40. Nxf7 Kb3 41. Nd6 b5 42. h3 h4 43. Nc8 Bd8 44. Nf1 Kb2 45. Nd2 Bc2+ 46. Ke3 b4 47. Nd6 Kc1 48. Nb7 Be7 49. Nc5 Kb2 50. Nxe6 b3 51. Nc5 Kc3 52. Na4+ Kb4 53. Nb2 Ka3 54. Nd3 Bxd3 55. Kxd3 Bb4 56. Nxb3 Kxb3 57. e6 Be7 58. Ke3 Kc4 59. Kf3 Kxd4 60. g3 hxg3 61. Kxg3 Ke4 62. Kg4 d4 63. h4 d3 64. f5 gxf5+ 65. Kg3 Bf6 66. Kf2 Ke5 67. h5 Kxe6 68. Ke3 Bg5+ 69. Kxd3 Bf4 70. Ke2 Kf6 71. Kf3 Bc1 72. Kg3 Kg5 0-1

[Event "Oberliga Nord W 2122"]
[Site "Germany"]
[Date "2021.11.21"]
[Round "3.7"]
[White "Hoerstmann, Rudi"]
[Black "Stotyn, Fabian"]
[Result "1-0"]
[WhiteElo "2223"]
[BlackElo "2166"]
[PlyCount "105"]
[EventDate "2021.10.10"]
[EventType "team-tourn"]
[EventRounds "9"]
[EventCountry "GER"]
[SourceTitle "EXT 2023"]
[Source "ChessBase"]
[SourceDate "2022.10.05"]
[SourceVersion "1"]
[SourceVersionDate "2022.10.05"]
[SourceQuality "1"]
[WhiteTeam "Lister Turm"]
[BlackTeam "Nordhorn Blanke"]
[WhiteTeamCountry "GER"]
[BlackTeamCountry "GER"]

1. d4 Nf6 2. c4 c5 3. d5 b5 4. cxb5 a6 5. bxa6 Bxa6 6. Nc3 g6 7. Nf3 Bg7 8. e4 Bxf1 9. Kxf1 d6 10. g3 0-0 11. Kg2 Nbd7 12. a4 Qb6 13. Qc2 Rfb8 14. Ra3 Qb4 15. Re1 Ng4 16. Nd2 Bd4 17. Rb3 Qa5 18. f3 Ngf6 19. Nc4 Qa6 20. Rxb8+ Rxb8 21. b3 Ne8 22. Nb5 Bg7 23. Bg5 Kf8 24. Bd2 Ne5 25. Na5 Rc8 26. f4 Nd7 27. Nc4 Nb6 28. Bc3 Nxc4 29. bxc4 Ra8 30. Ra1 Kg8 31. e5 Qc8 32. a5 Ra6 33. Re1 Qd8 34. Qa4 Qd7 35. Qc2 Qd8 36. Re2 Ra8 37. Re3 Ra6 38. Re2 Ra8 39. Qe4 Nc7 40. h4 Na6 41. f5 Nb4 42. f6 exf6 43. exd6 f5 44. Qe7 Bxc3 45. Nxc3 Qxa5 46. Qf6 Rf8 47. d7 Qa8 48. Re7 Qd8 49. Nb5 Nd3 50. Nd6 Qa5 51. Re2 f4 52. Ne8 f3+ 53. Kh3 1-0

[Event "GER-ch NSV Online 1st"]
[Site "Playchess.com INT"]
[Date "2020.04.26"]
[Round "13"]
[White "Eilert, Marius"]
[Black "Stotyn, Fabian"]
[Result "1/2-1/2"]
[WhiteElo "2069"]
[BlackElo "2197"]
[PlyCount "27"]
[EventDate "2020.04.26"]
[EventType "swiss (blitz)"]
[EventRounds "13"]
[EventCountry "GER"]
[SourceTitle "CBM 196 Extra"]
[Source "ChessBase"]
[SourceDate "2020.07.31"]
[SourceVersion "1"]
[SourceVersionDate "2020.07.31"]
[SourceQuality "1"]

1. e4 e6 2. d4 d5 3. Nd2 Nf6 4. e5 Nfd7 5. Bd3 c5 6. c3 Nc6 7. Ndf3 cxd4 8. cxd4 f6 9. exf6 Nxf6 10. Nh3 Bd6 11. 0-0 Bd7 12. Re1 0-0 13. Nhg5 Qe8 14. b3 1/2-1/2

[Event "GER-ch NSV Online 1st"]
[Site "Playchess.com INT"]
[Date "2020.04.26"]
[Round "3"]
[White "Essmann, Julian"]
[Black "Stotyn, Fabian"]
[Result "0-1"]
[WhiteElo "2049"]
[BlackElo "2197"]
[PlyCount "108"]
[EventDate "2020.04.26"]
[EventType "swiss (blitz)"]
[EventRounds "13"]
[EventCountry "GER"]
[SourceTitle "CBM 196 Extra"]
[Source "ChessBase"]
[SourceDate "2020.07.31"]
[SourceVersion "1"]
[SourceVersionDate "2020.07.31"]
[SourceQuality "1"]

1. e4 f5 2. exf5 Nf6 3. d4 d6 4. Bd3 Nc6 5. Nf3 Nb4 6. 0-0 Nxd3 7. Qxd3 Qd7 8. c3 Qxf5 9. Qxf5 Bxf5 10. Bf4 h6 11. h4 Kf7 12. Re1 g6 13. Nbd2 Bg7 14. Nc4 Rhe8 15. Ne3 Bd7 16. Rad1 Ng4 17. Rd2 Nxe3 18. Rxe3 Bc6 19. Rde2 a5 20. b3 a4 21. Nd2 axb3 22. axb3 Ra1+ 23. Re1 Ra2 24. R3e2 Bb5 25. c4 Bd7 26. Nf3 Rxe2 27. Rxe2 Bg4 28. Rd2 Bxf3 29. gxf3 Ra8 30. Kg2 Ra3 31. Rd3 h5 32. Bc1 Ra1 33. Bg5 Rb1 34. f4 e6 35. d5 exd5 36. cxd5 Rb2 37. Bd8 Bf6 38. Bxc7 Bxh4 39. Rf3 Be7 40. f5 g5 41. f6 Bf8 42. Rd3 Kxf6 43. Bd8+ Kg6 44. Rf3 Bg7 45. Be7 Be5 46. Rf8 g4 47. Rg8+ Kf5 48. Rf8+ Ke4 49. Rb8 Rxb3 50. Bf8 Kxd5 51. Re8 Rb2 52. Bh6 g3 53. Rg8 Rxf2+ 54. Kh3 Rh2# 0-1

[Event "GER-ch NSV Online 1st"]
[Site "Playchess.com INT"]
[Date "2020.04.26"]
[Round "11"]
[White "Rachut, Steffen"]
[Black "Stotyn, Fabian"]
[Result "1-0"]
[WhiteElo "2118"]
[BlackElo "2197"]
[PlyCount "93"]
[EventDate "2020.04.26"]
[EventType "swiss (blitz)"]
[EventRounds "13"]
[EventCountry "GER"]
[SourceTitle "CBM 196 Extra"]
[Source "ChessBase"]
[SourceDate "2020.07.31"]
[SourceVersion "1"]
[SourceVersionDate "2020.07.31"]
[SourceQuality "1"]

1. e4 e6 2. d3 d5 3. Nd2 Nf6 4. g3 c5 5. Bg2 Nc6 6. Ngf3 Be7 7. 0-0 b5 8. Re1 a5 9. e5 Nd7 10. Nf1 b4 11. h4 Ba6 12. N1h2 Qb6 13. h5 0-0-0 14. Bf4 Kb7 15. Ng4 Rc8 16. h6 g6 17. Bg5 Qd8 18. Qd2 Bxg5 19. Nxg5 Qe7 20. Qf4 Rcf8 21. Rac1 Nd4 22. c3 Nf5 23. c4 Nb6 24. Nf6 Nxh6 25. Ngxh7 Rd8 26. Qxh6 Ka7 27. b3 Nd7 28. Qf4 Nb6 29. Ng5 Bb7 30. Red1 Qf8 31. Ng4 d4 32. Nxf7 Bxg2 33. Kxg2 Qe7 34. Nxd8 Qxd8 35. Qf6 Qa8+ 36. f3 Qe8 37. Qg7+ Ka6 38. Nf6 Qa8 39. Rh1 Rf8 40. Rh7 a4 41. Qxg6 a3 42. Rf7 Rh8 43. Rh7 Rf8 44. Rch1 Ka5 45. Rf7 Rd8 46. Rhh7 Ka6 47. Qg7 1-0

[Event "GER-ch NSV Online 1st"]
[Site "Playchess.com INT"]
[Date "2020.04.26"]
[Round "10"]
[White "Stotyn, Fabian"]
[Black "Happe, Reinhold"]
[Result "1-0"]
[WhiteElo "2197"]
[BlackElo "2106"]
[PlyCount "121"]
[EventDate "2020.04.26"]
[EventType "swiss (blitz)"]
[EventRounds "13"]
[EventCountry "GER"]
[SourceTitle "CBM 196 Extra"]
[Source "ChessBase"]
[SourceDate "2020.07.31"]
[SourceVersion "1"]
[SourceVersionDate "2020.07.31"]
[SourceQuality "1"]

1. e4 e5 2. Nf3 Nc6 3. Bc4 Bc5 4. 0-0 Nf6 5. d4 Bxd4 6. Nxd4 Nxd4 7. f4 d6 8. fxe5 dxe5 9. Bg5 Qe7 10. Na3 c6 11. c3 Ne6 12. Bxf6 gxf6 13. b4 Bd7 14. Qf3 Rg8 15. Qxf6 Qxf6 16. Rxf6 Ke7 17. Raf1 Rg7 18. R6f5 f6 19. Bxe6 Bxe6 20. Rxf6 Rag8 21. g3 Bxa2 22. Nc2 Bc4 23. R1f2 Rf7 24. Rxf7+ Bxf7 25. Ne3 Be6 26. Kf1 Rd8 27. Ke2 b6 28. Rf1 Ra8 29. Ra1 a5 30. bxa5 Rxa5 31. Rxa5 bxa5 32. Nc2 Kd6 33. Kd3 Kc5 34. Na3 a4 35. Kd2 h6 36. Ke3 Bg4 37. Kf2 Bd1 38. h3 Bh5 39. g4 Bg6 40. Kf3 Bh7 41. h4 Bg6 42. g5 h5 43. Ke3 Bh7 44. Kd3 Bg6 45. Nc2 Bf7 46. Ne3 a3 47. Kc2 Kb5 48. Nf5 Ka4 49. Ne7 Bb3+ 50. Kb1 Bc4 51. Nxc6 Bd3+ 52. Ka1 Bxe4 53. Nxe5 Kb3 54. c4 Kb4 55. g6 Bxg6 56. Nxg6 Kxc4 57. Nf4 Kd4 58. Nxh5 Ke4 59. Ng3+ Kf4 60. h5 Kxg3 61. h6 1-0

[Event "GER-ch NSV Online 1st"]
[Site "Playchess.com INT"]
[Date "2020.04.26"]
[Round "1"]
[White "Stotyn, Fabian"]
[Black "Plischki, Sebastian"]
[Result "1/2-1/2"]
[WhiteElo "2197"]
[BlackElo "2371"]
[PlyCount "100"]
[EventDate "2020.04.26"]
[EventType "swiss (blitz)"]
[EventRounds "13"]
[EventCountry "GER"]
[SourceTitle "CBM 196 Extra"]
[Source "ChessBase"]
[SourceDate "2020.07.31"]
[SourceVersion "1"]
[SourceVersionDate "2020.07.31"]
[SourceQuality "1"]

1. e4 c6 2. Nf3 d5 3. exd5 cxd5 4. Ne5 Nf6 5. f4 g6 6. d4 Bg7 7. Bd3 0-0 8. c3 Nc6 9. 0-0 Nxe5 10. fxe5 Ng4 11. h3 Nh6 12. Nd2 Nf5 13. Nf3 f6 14. Bf4 Qb6 15. Qb3 fxe5 16. Qxb6 axb6 17. Bxe5 Bxe5 18. Nxe5 Be6 19. Bxf5 Bxf5 20. a3 e6 21. g4 Be4 22. Rxf8+ Rxf8 23. Rf1 b5 24. Rxf8+ Kxf8 25. Kf2 g5 26. Kg3 Ke7 27. h4 h6 28. hxg5 hxg5 29. Kf2 Bh7 30. Ke3 Be4 31. Kd2 Bh7 32. Nf3 Kf6 33. Ne5 Ke7 34. Kc1 Be4 35. b4 Bh7 36. Kb2 Be4 37. Kb3 Bh7 38. a4 bxa4+ 39. Kxa4 Kd6 40. Kb5 Kc7 41. Ka5 Bc2 42. Nf7 Bd1 43. Nxg5 Bxg4 44. Nf7 Be2 45. Ne5 b6+ 46. Ka4 Kd6 47. b5 Bf1 48. Kb4 Be2 49. Nf7+ Ke7 50. Ne5 Kd6 1/2-1/2

[Event "Oberliga Nord W 1920"]
[Site "Germany"]
[Date "2020.01.19"]
[Round "5.5"]
[White "Stotyn, Fabian"]
[Black "Beduerftig, Heinrich"]
[Result "0-1"]
[WhiteElo "2198"]
[BlackElo "2400"]
[PlyCount "116"]
[EventDate "2019.09.29"]
[EventType "team-tourn"]
[EventRounds "9"]
[EventCountry "GER"]
[SourceTitle "CBM 195 Extra"]
[Source "ChessBase"]
[SourceDate "2020.05.31"]
[SourceVersion "1"]
[SourceVersionDate "2020.05.31"]
[SourceQuality "1"]

1. d4 d5 2. Nf3 Nf6 3. g3 e6 4. Bg2 Be7 5. 0-0 0-0 6. c4 dxc4 7. Qc2 a6 8. a4 Bd7 9. Ne5 Bc6 10. Nxc6 Nxc6 11. Bxc6 bxc6 12. Rd1 Qd5 13. Na3 Rfd8 14. Bf4 Bd6 15. Bxd6 cxd6 16. Nxc4 Rab8 17. Ne3 Qa5 18. Qxc6 d5 19. Qc3 Qb6 20. Rab1 Rdc8 21. Qa3 a5 22. Kf1 g6 23. Rd3 Ne4 24. f3 Nd6 25. Nd1 Nf5 26. b3 Nxd4 27. Qb2 Nf5 28. g4 Nd6 29. h4 Qd8 30. Qe5 Ne8 31. Qg3 Qc7 32. Qxc7 Rxc7 33. Rc3 Rxc3 34. Nxc3 Nd6 35. Ke1 h5 36. Kd2 hxg4 37. fxg4 Rb4 38. h5 Rxg4 39. hxg6 fxg6 40. Na2 Rg3 41. Nc3 d4 42. Nb5 Nxb5 43. axb5 Rg5 44. Kd3 Rxb5 45. Kxd4 Kg7 46. e4 g5 47. Ke3 Rb4 48. Kf3 a4 49. Kg4 Kg6 50. Re1 axb3 51. Kf3 b2 52. Rb1 Kf6 53. Kg3 Ke5 54. Kf3 g4+ 55. Kxg4 Kxe4 56. Kg3 Kd3 57. Kf3 Kc2 58. Re1 b1Q 0-1